000 00443nam a2200181Ia 4500
001 10810
005 20260306161859.0
008 260306t1999||||xx |||||||||||||| ||spa||
041 _aESP
082 _a972
_bD48
100 _aBartolomé de las Casas (Fray)
_eAUT
245 0 _aLos indios de México y Nueva España
260 _c1999
300 _a225 páginas :
_c22 cm.
650 _aGEN
654 _aCHU
942 _cLIB
_dJUS
_fJUS
_2ddc
_n
999 _c10810
_d10810